00322 2200133 4500001002100000005001500021035002000036245004600056100002100102260003200123082000800155084001400163990001100177INLIS00000000000250520250604113057 a0010-06250000911 aBurung- Burung Manyar /cY.B Mangunwijaya0 aY.B Mangunwijaya aJakarta :bDjambatan,c1996 a800 a800 Y.B b a995448